Thiết kế bài giảng lịch sử 11 Nâng cao T.1

LS015

Αποθηκεύτηκε σε:
Λεπτομέρειες βιβλιογραφικής εγγραφής
Κύριος συγγραφέας: Nguyễn, Thị Thạch
Μορφή: Βιβλίο
Γλώσσα:Undetermined
Έκδοση: H. Nxb. Hà Nội 2007
Θέματα:
Διαθέσιμο Online:http://lrc.tdmu.edu.vn/opac/search/detail.asp?aID=2&ID=20929
Ετικέτες: Προσθήκη ετικέτας
Δεν υπάρχουν, Καταχωρήστε ετικέτα πρώτοι!
Thư viện lưu trữ: Trung tâm Học liệu Trường Đại học Thủ Dầu Một
LEADER 00943nam a2200229Ia 4500
001 TDMU_20929
008 210410s9999 xx 000 0 und d
082 |a 900.72 
090 |b NG527 
100 |a Nguyễn, Thị Thạch 
245 0 |a Thiết kế bài giảng lịch sử 11 
245 0 |b Nâng cao 
245 0 |c Nguyễn Thị Thạch 
245 0 |n T.1 
260 |a H. 
260 |b Nxb. Hà Nội 
260 |c 2007 
300 |a 316tr. 
520 |a LS015  |d Lý luận và Phương pháp dạy học Lịch sử; LS023  |d Đổi mới dạy học lịch sử ở trường phổ thông hiện nay; LS028  |d Phương pháp dạy học Lịch sử 
650 |a Sách lớp 11  |v Thiết kế bài giảng; Lịch sử  |x Dạy và học  
856 |u http://lrc.tdmu.edu.vn/opac/search/detail.asp?aID=2&ID=20929 
980 |a Trung tâm Học liệu Trường Đại học Thủ Dầu Một